Statistics for Count to 100! - No "1", "5" or "7"

Click here to take the quiz!

General Stats

  • This quiz has been taken 169 times
  • The average score is 32 of 48

Answer Stats

#% Correct
2
100%
3
99%
4
99%
6
99%
8
98%
9
98%
20
92%
22
92%
23
90%
24
89%
26
89%
28
89%
29
86%
30
84%
32
84%
33
83%
34
83%
36
80%
38
80%
39
79%
40
77%
42
75%
43
73%
44
70%
46
68%
48
66%
49
66%
60
61%
62
57%
63
55%
64
55%
66
53%
68
53%
69
50%
80
45%
82
42%
83
42%
84
41%
86
39%
88
38%
89
38%
90
36%
92
34%
93
31%
94
28%
96
27%
98
23%
99
23%

Score Distribution

Percentile by Number Answered

Percent of People with Each Score

Your Score History

You have not taken this quiz